| 000 | 00432nam a2200169Ia 4500 | ||
|---|---|---|---|
| 003 | OSt | ||
| 005 | 20260303104810.0 | ||
| 008 | 211028s2003 xx 000 0 und d | ||
| 040 | _cAIMIT LIBRARY | ||
| 041 | _aeng | ||
| 100 |
_aK Raviraj;Manimozhi, R. _g92174 _92240 |
||
| 110 |
_aManimozhi, R. _92241 |
||
| 245 | _aCallcenter help desk / | ||
| 260 |
_aBangalore _c2003 |
||
| 710 |
_aMansoft Microsystem _92242 |
||
| 942 |
_2ddc _cPRO |
||
| 999 |
_c216831 _d216831 |
||